000 00890cam a22002533a 4500
001 6979
003 PGUSA
005 20140828083139.0
008 041101s2004||||xxu|||||s|||||000 1 eng d
040 _aPGUSA
_beng
042 _adc
050 4 _aPS
100 1 _aCrane, Stephen,
_d1871-1900
245 1 4 _aThe Little Regiment, and Other Episodes of the American Civil War
_h[electronic resource] /
_cStephen Crane
260 _bProject Gutenberg,
_c2004
505 0 _aThe Little Regiment -- Three miraculous soldiers -- A mystery of heroism -- An Indiana campaign -- A grey sleeve -- The veteran.
506 _aPublic domain in the USA.
516 _aElectronic text
653 _aWar stories, American
653 _aUnited States -- History -- Civil War, 1861-1865 -- Fiction
830 0 _aProject Gutenberg
_v6979
856 4 0 _uhttp://www.gutenberg.org/ebooks/6979
942 _cEB
999 _c236299
_d236299